Análisis de prefactibilidad de alcantarillado sanitario para la ciudad de Atenas.

সংরক্ষণ করুন:
গ্রন্থ-পঞ্জীর বিবরন
প্রধান লেখক: Abarca Jiménez, Javier Francisco
বিন্যাস: গ্রন্থ
প্রকাশিত: [San José , Costa Rica] 1986
বিষয়গুলি:
ট্যাগগুলো: ট্যাগ যুক্ত করুন
কোনো ট্যাগ নেই, প্রথমজন হিসাবে ট্যাগ করুন!

MARC

LEADER 00000nam a2200000Ia 4500
003 004216
005 20221231144352.0
008 140114s1986 cr a m 000 ||s d
040 |c cru CEDI 
090 |a TFG 1903 
100 |a Abarca Jiménez, Javier Francisco  |9 14023 
245 |a Análisis de prefactibilidad de alcantarillado sanitario para la ciudad de Atenas. 
260 |c 1986  |a  [San José , Costa Rica] 
300 |a  vi, 114 hojas (algunas plegables) : ilustraciones (1 plegables) ; 27 cm  
500 |a  Proyecto de graduación (licenciatura en ingeniería civil)--Universidad de Costa Rica. Facultad de Ingeniería. Escuela de Ingeniería Civil 
650 |x ALCANTARILLADO - ATENAS (ALAJUELA, COSTA RICA)  |9 14024 
942 |c TFG  |2 ddc 
999 |c 20839  |d 20839